Philosophical trends in Modern Maharaotra (Record no. 1450401)

MARC details
000 -LEADER
fixed length control field 00602nam a2200205Ia 4500
005 - DATE AND TIME OF LATEST TRANSACTION
control field 20250923145345.0
008 - FIXED-LENGTH DATA ELEMENTS--GENERAL INFORMATION
fixed length control field 008 250917s9999 xx 000 0 eng d
037 ## - SOURCE OF ACQUISITION
Stock number Textual
040 ## - CATALOGING SOURCE
Original cataloging agency DSWL
Language of cataloging eng
Transcribing agency DSWL
041 ## - LANGUAGE CODE
Language code of text/sound track or separate title eng
Source of code eng
084 ## - COLON CLASSIFICATION NUMBER
Classification number R6'N< - M, N76
Assigning agency DSWL
100 ## - MAIN ENTRY--PERSONAL NAME
Personal name Lederle, Mathew
9 (RLIN) 834437
245 #0 - TITLE STATEMENT
Title Philosophical trends in Modern Maharaotra
Statement of responsibility, etc. by Mathew Lederle
260 ## - PUBLICATION, DISTRIBUTION, ETC.
Place of publication, distribution, etc. Bombay
Name of publisher, distributor, etc. Popular Prakashan
Date of publication, distribution, etc. 1976
300 ## - PHYSICAL DESCRIPTION
Extent xviii,167p.
365 ## - TRADE PRICE
Price type code INR
Price amount 68 . 40
925 ## -
-- 68 . 40
942 ## - ADDED ENTRY ELEMENTS (KOHA)
Koha item type Textual
Classification part R6'N< - M, N76
Holdings
Withdrawn status Lost status Damaged status Not for loan Home library Current library Date acquired Source of acquisition Inventory number Total Checkouts Full call number Barcode Date last seen Price effective from Koha item type
        Department of Social Work Library Department of Social Work Library 2025-09-23 Atma Ram & Sons F/745/76 19/11/1976   R6'N< - M, N76 SW0017767 2025-09-23 2025-09-23 Textual
Copyright @ Delhi University Library System